Вопросы атомной науки и техники. Серия : Строительство: научно-технический сборник

Detaylı Bibliyografya
Yeni Başlık:Вопросы атомной науки и техники. Серия : Проектирование и строительство
Müşterek Yazar: СССР Государственный комитет по использованию атомной энергии (ГКИАЭ)
Dil:Rusça
Baskı/Yayın Bilgisi: Москва, 1977
Konular:
Materyal Türü: MixedMaterials Süreli
KOHA link:https://koha.lib.tpu.ru/cgi-bin/koha/opac-detail.pl?biblionumber=380050

MARC

LEADER 00000nas1a2200000 4500
001 380050
005 20231101062638.0
035 |a (RuTPU)RU\TPU\prd\627 
035 |a BOOK00000627 
090 |a 380050 
100 |a 20011210c k y0rusy50 ca 
101 0 |a rus 
102 |a RU 
110 |a ahaz uu0 
200 1 |a Вопросы атомной науки и техники. Серия : Строительство  |e научно-технический сборник  |f СССР, Государственный комитет по использованию атомной энергии (ГКИАЭ) 
210 |a Москва  |d 1977 
440 1 |0 (RuTPU)RU\TPU\prd\622  |x 0207-4745  |t Вопросы атомной науки и техники. Серия : Проектирование и строительство  |o научно-технический сборник  |f СССР, Государственный комитет по использованию атомной энергии (ГКИАЭ)  |c Москва  |d 1978, 1982-1985, 1989 
610 1 |a атомная наука 
610 1 |a атомная техника 
610 1 |a проектирование 
610 1 |a строительство 
675 |a 621.039  |v 3 
712 0 1 |a СССР  |b Государственный комитет по использованию атомной энергии (ГКИАЭ)  |2 stltpush  |3 (RuTPU)RU\TPU\col\16930 
801 0 |a RU  |b 63413507  |c 20011210  |g PSBO 
801 2 |a RU  |b 63413507  |c 20130913  |g PSBO 
942 |c CR